000 00529nam a2200217Ia 4500
003 OSt
005 20220924134348.0
006 a|||||r|||| 00| 0
007 ta
008 220923b |||||||| |||| 00| 0 snd d
024 _a273765
037 _cTextual
040 _aARTS
_cARTS
_bsnd
041 _2snd
_asnd
082 _aO1593,3N11x, K8
100 _aVaswani K N
_9208438
245 0 _aPushpanjali
260 _c1968
942 _hO1593,3N11x, K8
_cTEXL
_2CC
999 _c437220
_d437220